LEADER 00872nam0-2200313---450- 001 990009898540403321 005 20150511150118.0 010 $a978-88-348-8872-8 035 $a000989854 035 $aFED01000989854 035 $a(Aleph)000989854FED01 035 $a000989854 100 $a20140925d2013----km-y0itay50------ba 101 0 $aita 102 $aIT 105 $ay-------001yy 200 1 $aDiritto antitrust$fFederico Ghezzi, Gustavo Olivieri 210 $aTorino$cGiappichelli$dİ2013 215 $aXIV, 409 p.$d23 cm 676 $a343.240721$v21$zita 700 1$aGhezzi,$bFederico$f<1963- >$0374500 701 1$aOlivieri,$bGustavo$f<1958- >$0231231 801 0$aIT$bUNINA$gRICA$2UNIMARC 901 $aBK 912 $a990009898540403321 952 $a12 C 310$b137620$fDDCP 959 $aDDCP 996 $aDiritto antitrust$9829157 997 $aUNINA LEADER 03443nam 22007335 450 001 9910349262403321 005 20251113191415.0 010 $a9783319736181 010 $a3319736183 024 7 $a10.1007/978-3-319-73618-1 035 $a(CKB)4100000001794897 035 $a(DE-He213)978-3-319-73618-1 035 $a(MiAaPQ)EBC5577551 035 $a(PPN)223955329 035 $a(EXLCZ)994100000001794897 100 $a20180104d2018 u| 0 101 0 $aeng 135 $aurnn#008mamaa 181 $ctxt$2rdacontent 182 $cc$2rdamedia 183 $acr$2rdacarrier 200 10$aNatural Language Processing and Chinese Computing $e6th CCF International Conference, NLPCC 2017, Dalian, China, November 8?12, 2017, Proceedings /$fedited by Xuanjing Huang, Jing Jiang, Dongyan Zhao, Yansong Feng, Yu Hong 205 $a1st ed. 2018. 210 1$aCham :$cSpringer International Publishing :$cImprint: Springer,$d2018. 215 $a1 online resource (XXII, 966 p. 208 illus.) 225 1 $aLecture Notes in Artificial Intelligence,$x2945-9141 ;$v10619 311 08$a9783319736174 311 08$a3319736175 320 $aIncludes bibliographical references and index. 330 $aThis book constitutes the refereed proceedings of the 6th CCF International Conference on Natural Language Processing, NLPCC 2017, held in Dalian, China, in November 2017. The 47 full papers and 39 short papers presented were carefully reviewed and selected from 252 submissions.  The papers are organized around the following topics: IR/search/bot; knowledge graph/IE/QA; machine learning; machine translation; NLP applications; NLP fundamentals; social networks; and text mining. 410 0$aLecture Notes in Artificial Intelligence,$x2945-9141 ;$v10619 606 $aArtificial intelligence 606 $aNatural language processing (Computer science) 606 $aInformation storage and retrieval systems 606 $aApplication software 606 $aInformation technology$xManagement 606 $aArtificial Intelligence 606 $aNatural Language Processing (NLP) 606 $aInformation Storage and Retrieval 606 $aComputer and Information Systems Applications 606 $aComputer Application in Administrative Data Processing 615 0$aArtificial intelligence. 615 0$aNatural language processing (Computer science) 615 0$aInformation storage and retrieval systems. 615 0$aApplication software. 615 0$aInformation technology$xManagement. 615 14$aArtificial Intelligence. 615 24$aNatural Language Processing (NLP). 615 24$aInformation Storage and Retrieval. 615 24$aComputer and Information Systems Applications. 615 24$aComputer Application in Administrative Data Processing. 676 $a006.35 702 $aHuang$b Xuanjing$4edt$4http://id.loc.gov/vocabulary/relators/edt 702 $aJiang$b Jing$4edt$4http://id.loc.gov/vocabulary/relators/edt 702 $aZhao$b Dongyan$4edt$4http://id.loc.gov/vocabulary/relators/edt 702 $aFeng$b Yansong$4edt$4http://id.loc.gov/vocabulary/relators/edt 702 $aHong$b Yu$4edt$4http://id.loc.gov/vocabulary/relators/edt 801 0$bMiAaPQ 801 1$bMiAaPQ 801 2$bMiAaPQ 906 $aBOOK 912 $a9910349262403321 996 $aNatural Language Processing and Chinese Computing$91912515 997 $aUNINA